000 01030nam a22002537a 4500
003 BD-DhSAU
005 20221023130930.0
008 160418b2021 bg ad||| |||| 001 0 eng d
040 _aBD-DhSAU
082 _222
_a630.2
_bR73
100 _aRoshid, Md Harun or
_eRegistration no. # 19-10081
245 _aEffect of boron on growth and yield of field-pea /
_bMS thesis
_cMd. Harun Or Roshid
260 _aSher-e-Bangla Agricultural Uniersity :
_bDepartment of Agricultural Chemistry,
_cJune, 2021
300 _aviii, 62 p. :
_bill., chart ;
_c30 cm.
500 _aMS thesis of Department of Agricultural Chemistry , Faculty of Agriculture, Sher-e-Bangla Agricultural University, Dhaka, Bangladesh
590 _akobir
650 _aAgricultural Chemistry
650 _aBoron
650 _aField-Pea
700 _aKhan, Md. Sirajul Islam
_eSuperviser
700 _aHossain, Md. Ashraf
_eCo-superviser
856 _uhttp://archive.saulibrary.edu.bd:8080/xmlui/handle/123456789/4212
942 _2ddc
_cTHESIS
999 _c16145
_d16144